000 00567nam a2200193 a 4500
005 20240919064527.0
008 010618s19911997mx r 000 0 spa d
020 _a9681321189
035 _aUPN01000108574
049 _aI
050 4 _aQH541.2
_bH83
100 1 _aHume, Patricia
245 1 0 _aGuía para los niños que quieren salvar el planeta /
_cPatricia Hume.
260 _aMéxico :
_bDiana,
_c1991 (1997 impr.).
300 _a208 p. :
_bil.
650 4 _aECOLOGIA -
_xESTUDIO Y ENSEÑANZA
_912772
650 4 _aEducación ambiental
_94338
905 _aInfantil
999 _c82486
_d82486